[Event "29. Open Villa de Benasque 2009  "]
[Site "Benasque ESP"]
[Date "2009.07.11"]
[Round "10.8"]
[White "Recuero Guerra, David"]
[Black "Iturrizaga, Eduardo"]
[Result "1/2-1/2"]
[WhiteElo "2460"]
[BlackElo "2555"]
[PlyCount "62"]
[EventDate "2009.07.03"]
[EventType "swiss"]
[EventRounds "11"]
[EventCountry "ESP"]
[Source "lmi"]
[SourceDate "2009.07.03"]

1. e4 c6 2. d4 d5 3. Nd2 dxe4 4. Nxe4 Bf5 5. Ng3 Bg6 6. Bc4 e6 7. N1e2 Bd6 8.
h4 h6 9. Nf4 Bxf4 10. Bxf4 Nf6 11. Qe2 Nd5 12. Be5 O-O 13. O-O-O Nd7 14. Bd6
Re8 15. Bd3 N7b6 16. Bxg6 Qxd6 17. Bd3 Na4 18. Ne4 Qf4+ 19. Qd2 f5 20. Qxf4
Nxf4 21. Ng3 Nb6 22. Ne2 Nfd5 23. c3 Kf7 24. Ng1 Nf6 25. Nh3 Rac8 26. Bc2 c5
27. dxc5 Rxc5 28. Nf4 Ra5 29. a3 Nbd5 30. Nxd5 Nxd5 31. Bb3 Kf6 1/2-1/2

[Event "29. Open Villa de Benasque 2009  "]
[Site "Benasque ESP"]
[Date "2009.07.12"]
[Round "11.2"]
[White "Laznicka, Viktor"]
[Black "Andriasian, Zaven"]
[Result "0-1"]
[WhiteElo "2617"]
[BlackElo "2585"]
[PlyCount "156"]
[EventDate "2009.07.03"]
[EventType "swiss"]
[EventRounds "11"]
[EventCountry "ESP"]
[Source "lmi"]
[SourceDate "2009.07.03"]

1. d4 d5 2. c4 c6 3. Nf3 Nf6 4. Qc2 dxc4 5. Qxc4 Bf5 6. g3 e6 7. Bg2 Nbd7 8.
O-O Be7 9. e3 O-O 10. Rd1 Ne4 11. Qe2 Qb6 12. Nbd2 Nxd2 13. Nxd2 Bc2 14. Re1
Bg6 15. Nc4 Qa6 16. Bd2 Rfd8 17. Bc3 Rac8 18. a3 Nf6 19. b4 Ne4 20. Bb2 Nd6 21.
Ne5 Qxe2 22. Rxe2 Be4 23. f3 Bd5 24. Rc2 Bb3 25. Rc3 Ba4 26. Rcc1 Bb5 27. a4
Ba6 28. e4 Kf8 29. Bh3 Ke8 30. Rc2 Rb8 31. Rac1 f6 32. Ng4 Nf7 33. Ne3 e5 34.
Nf5 Ng5 35. Bg2 exd4 36. b5 d3 37. Rc4 d2 38. Rd1 cxb5 39. Rc7 Bf8 40. Nxg7+
Bxg7 41. Rxg7 Ne6 42. Rxh7 bxa4 43. Kf2 Nf8 44. Rg7 Ne6 45. Rg6 Rbc8 46. Bh3
Bc4 47. Rxf6 Rc6 48. Bg4 Ke7 49. Bh5 Rd3 50. Be5 Bb3 51. Rf7+ Kd8 52. Ke2 Nc5
53. Rf8+ Ke7 54. Re8+ Kd7 55. Rxd2 Bc4 56. Rh8 Rb6 57. Rh7+ Ke6 58. Bf7+ Kxe5
59. Bxc4 Rxd2+ 60. Kxd2 Kd4 61. Bg8 Rb2+ 62. Ke1 Ke3 63. Kf1 a3 64. Rc7 Nd3 65.
h4 a2 66. Bxa2 Rxa2 67. h5 Kxf3 68. Rf7+ Kxg3 69. h6 Nf4 70. Ke1 Kf3 71. h7 Rh2
72. Kd1 Ke3 73. Kc1 b5 74. Rxa7 Nd3+ 75. Kb1 Kxe4 76. Rb7 b4 77. Rd7 b3 78.
Re7+ Kd4 0-1

[Event "29. Open Villa de Benasque 2009  "]
[Site "Benasque ESP"]
[Date "2009.07.12"]
[Round "11.3"]
[White "Geetha, Narayanan Gopal"]
[Black "Sulskis, Sarunas"]
[Result "1-0"]
[WhiteElo "2575"]
[BlackElo "2559"]
[PlyCount "217"]
[EventDate "2009.07.03"]
[EventType "swiss"]
[EventRounds "11"]
[EventCountry "ESP"]
[Source "lmi"]
[SourceDate "2009.07.03"]

1. e4 e5 2. Nf3 Nc6 3. Bb5 a6 4. Ba4 Nf6 5. O-O Be7 6. Re1 b5 7. Bb3 d6 8. c3
O-O 9. h3 Na5 10. Bc2 c5 11. d4 Qc7 12. Nbd2 cxd4 13. cxd4 Nc6 14. a3 Nxd4 15.
Nxd4 exd4 16. Nb3 d5 17. e5 Ne4 18. Bf4 Bf5 19. Nxd4 Bg6 20. Rc1 Qb7 21. Nc6
Rac8 22. Nxe7+ Qxe7 23. Qxd5 Rfd8 24. Qb3 Nc5 25. Qb4 Qf8 26. Bxg6 hxg6 27.
Red1 Ne6 28. Qxf8+ Kxf8 29. Rxd8+ Rxd8 30. Be3 Rd3 31. Rc8+ Ke7 32. Ra8 Rb3 33.
Bd2 Rxb2 34. Bb4+ Kd7 35. Rxa6 Re2 36. Rd6+ Kc7 37. Ba5+ Kc8 38. Rd5 Rb2 39.
Bb4 Rb1+ 40. Kh2 Rb2 41. Kg3 Rb3+ 42. f3 Nc7 43. Rd2 Ne6 44. h4 Kc7 45. Rd5 Kc6
46. Rd6+ Kc7 47. Ra6 Kb7 48. Rd6 Kc7 49. Rd2 Kc6 50. Kf2 Rb1 51. Rd6+ Kc7 52.
Ke3 Rg1 53. Kf2 Rb1 54. Rd2 Kc6 55. g3 Rc1 56. Rd6+ Kc7 57. f4 Rc4 58. Ke3 Rc1
59. Ba5+ Kc8 60. Rd5 Rb1 61. Bb4 Rb3+ 62. Rd3 Rb1 63. Rd5 Rb3+ 64. Kf2 Nc7 65.
Rd6 Ne6 66. Kg2 Kc7 67. Kf2 Kc8 68. Rd5 Nc7 69. Rc5 Kd7 70. e6+ Nxe6 71. Rxb5
Rb2+ 72. Kf1 Rb1+ 73. Kg2 Rb2+ 74. Kh3 Rb3 75. Rb7+ Kc6 76. Rxf7 Kd5 77. Kg4
Re3 78. Rd7+ Ke4 79. Re7 Kd5 80. Bd2 Rxa3 81. Rd7+ Kc6 82. Re7 Kd5 83. Rd7+ Kc6
84. Rf7 Rb3 85. f5 gxf5+ 86. Kxf5 Nd4+ 87. Kg4 Ne6 88. Bf4 Kd5 89. Rf5+ Kc6 90.
Be5 Rb7 91. Kh5 Rb4 92. Kg6 Rg4+ 93. Kf7 Kd7 94. Rf3 Nd8+ 95. Kg8 Ne6 96. Ra3
Kc6 97. Rd3 Nc5 98. Rd6+ Kb5 99. Rd4 Ne4 100. Kf7 Kc5 101. Ke6 g6 102. Rd3 Kc4
103. Rf3 Nc5+ 104. Kf7 Nd3 105. Bf6 Nc5 106. Bg5 Kd5 107. Kxg6 Ne4 108. Rf5+
Ke6 109. Rf4 1-0

[Event "29. Open Villa de Benasque 2009  "]
[Site "Benasque ESP"]
[Date "2009.07.12"]
[Round "11.4"]
[White "Burmakin, Vladimir"]
[Black "Lajthajm, Borko"]
[Result "1/2-1/2"]
[WhiteElo "2627"]
[BlackElo "2484"]
[PlyCount "77"]
[EventDate "2009.07.03"]
[EventType "swiss"]
[EventRounds "11"]
[EventCountry "ESP"]
[Source "lmi"]
[SourceDate "2009.07.03"]

1. d4 Nf6 2. Nf3 e6 3. g3 b5 4. Bg2 Bb7 5. O-O c5 6. Na3 a6 7. c4 cxd4 8. cxb5
Bxa3 9. bxa3 axb5 10. Nxd4 Bxg2 11. Kxg2 O-O 12. Rb1 Nc6 13. Rxb5 Ra6 14. Kg1
Nxd4 15. Qxd4 Qa8 16. Bb2 Qe4 17. Qd2 Nd5 18. Rc1 h6 19. f3 Qg6 20. Rb7 d6 21.
Kg2 Nf6 22. Rcc7 Nd5 23. Rc4 Nf6 24. Rf4 e5 25. Rfb4 Rc6 26. Bc3 e4 27. Rb8
exf3+ 28. exf3 Rxb8 29. Rxb8+ Kh7 30. Rb2 Nd5 31. Bd4 Rc4 32. Bg1 Nf4+ 33. Kh1
Nd3 34. Rb3 Nc5 35. Bxc5 dxc5 36. Rd3 Qf6 37. Kg2 Qa1 38. Rd7 Qb1 39. Qd3+
1/2-1/2